Některé problémy fiskální politiky v ČSFR.

Reštriktívna finančná politika je jedným z pilierov čs. ekonomickej reformy. Odporci reštriktívnej politiky požadujú, aby sa prešlo od reštriktívnej politiky k expanzívnej politike. Potreba kombinácie nástrojov obidvoch politík v súčasných čs. podmienkach. Analýza subjektívnych príčin poklesu výroby...

Ausführliche Beschreibung

Gespeichert in:
Bibliographische Detailangaben
1. Verfasser: Kyzlink, V.
Format: Buchkapitel
Sprache:Tschechisch
Schlagworte:
Tags: Tag hinzufügen
Keine Tags, Fügen Sie das erste Tag hinzu!

MARC

LEADER 00000naa a2200000 4500
001 r007617
005 20230113115905.9
041 0 |a cze 
044 |a [CS] 
245 1 0 |a Některé problémy fiskální politiky v ČSFR.  |c V. Kyzlink 
520 |a Reštriktívna finančná politika je jedným z pilierov čs. ekonomickej reformy. Odporci reštriktívnej politiky požadujú, aby sa prešlo od reštriktívnej politiky k expanzívnej politike. Potreba kombinácie nástrojov obidvoch politík v súčasných čs. podmienkach. Analýza subjektívnych príčin poklesu výroby a ciest zvýšenia efektívnosti a hospodárnosti v štátnych podnikoch. Racionalizácia financovania rozpočtových a príspevkových organizácií. 
610 2 0 |a politika fiškálna 
610 2 0 |a reformy hospodárske 
610 2 0 |a ČSFR 
610 2 0 |a politika finančná 
610 2 0 |a podnik štátny 
610 2 0 |a efektívnosť 
610 2 0 |a hospodárnosť 
100 1 |a Kyzlink, V.